000 00634nam a2200193 a 4500
001 000030310
005 20200930060224.0
008 110509s1979 dr f d 000 0 spa d
040 _aDO-SdBNP
_bspa
_cBNPHU
082 _aR 359.5603
_bR426v
110 1 _aRepública Dominicana.
_bMarina de Guerra
_936634
245 1 0 _aVocabulario naval internacional standard.
260 _aSanto Domingo :
_bMarina de Guerra,
_c1979.
300 _a53 p. ;
_c22 cm.
590 _aInventariado, 2018/ YL
650 4 _aManiobras navales
_xDiccionarios
_956982
650 4 _aNavegacion
_xDiccionarios
_934665
910 _aValidado. Control de calidad EMS.
999 _c29802
_d29802